[Event "C.to Provinciale AT"]
[Site "Asti ITA"]
[Date "2007.03.22"]
[Round "1"]
[White "Pulito, Alberto"]
[Black "Pomaro, Stefano"]
[Result "1-0"]
[WhiteElo "2239"]
[BlackElo "1901"]
[PlyCount "67"]
[EventDate "2007.03.22"]

1. e4 c6 2. d4 d5 3. Nc3 dxe4 4. Nxe4 Nf6 5. Nxf6+ gxf6 6. Nf3 Bg4 7. Be2 Qc7
8. c4 e6 9. Qa4 Nd7 10. Be3 Bd6 11. h3 Bf5 12. Nh4 Be4 13. Bf3 Bxf3 14. Nxf3
Bf4 15. Qa3 Bxe3 16. Qxe3 O-O-O 17. O-O-O Rhe8 18. Kb1 c5 19. b3 cxd4 20. Nxd4
a6 21. Rhe1 Ne5 22. f4 Nc6 23. f5 e5 24. Nb5 Qe7 25. Na7+ Nxa7 26. Qxa7 Qc7 27.
Rd5 Rxd5 28. cxd5 Kd7 29. Rc1 Qb8 30. Qb6 Rc8 31. Qxf6 Rxc1+ 32. Kxc1 Qc7+ 33.
Kb2 Ke8 34. d6 1-0

[Event "C.to Provinciale AT"]
[Site "Asti ITA"]
[Date "2007.03.22"]
[Round "1"]
[White "Torrione, William"]
[Black "Davi, Alessandro"]
[Result "1-0"]
[WhiteElo "1922"]
[BlackElo "1677"]
[PlyCount "111"]
[EventDate "2007.03.22"]

1. d4 Nf6 2. c4 g6 3. Nc3 d5 4. cxd5 Nxd5 5. e4 Nxc3 6. bxc3 Bg7 7. Bc4 c5 8.
Ne2 O-O 9. O-O Qc7 10. Bb3 Rd8 11. Be3 Nc6 12. Qc2 cxd4 13. cxd4 Rd7 14. Rac1
Qd8 15. Ba4 Nxd4 16. Nxd4 Rxd4 17. Bxd4 Bxd4 18. Qc7 Bb6 19. Qxd8+ Bxd8 20.
Rfd1 Be6 21. Bb3 Bxb3 22. axb3 e6 23. Rd7 Bb6 24. Kf1 Kg7 25. Rxb7 Rd8 26. Ke2
h5 27. Rd1 Rxd1 28. Kxd1 Bxf2 29. Ke2 Bb6 30. Kf3 g5 31. h3 Kg6 32. Rb8 Kg7 33.
b4 f5 34. Rc8 Kf6 35. Rh8 Kg6 36. b5 g4+ 37. Kf4 fxe4 38. Kxe4 gxh3 39. gxh3
Kg5 40. Ke5 h4 41. Rg8+ Kh6 42. Kxe6 Kh7 43. Rg4 Bf2 44. Kd5 Kh6 45. Kc6 Kh5
46. Kb7 Be3 47. Ka6 Bc5 48. Rg7 Bd4 49. Rxa7 Kg5 50. Rd7 Bc3 51. b6 Kf4 52. Rd3
Be5 53. Ka7 Ke4 54. Rd8 Kf3 55. Rd3+ Ke2 56. Rb3 1-0

[Event "C.to Provinciale AT"]
[Site "Asti ITA"]
[Date "2007.03.22"]
[Round "1"]
[White "Torrisi, Andrea"]
[Black "Ronzano, Luca"]
[Result "1-0"]
[WhiteElo "1843"]
[BlackElo "1996"]
[PlyCount "54"]
[EventDate "2007.03.22"]

1. e4 e5 2. Nf3 Nc6 3. Bb5 Bc5 4. O-O Nf6 5. d3 d6 6. Bxc6+ bxc6 7. h3 O-O 8.
Bg5 h6 9. Bh4 Be6 10. c3 Kh7 11. Qc2 Qc8 12. Bxf6 gxf6 13. Kh2 Rg8 14. Rg1 Rg7
15. d4 Bb6 16. Nbd2 Qd7 17. Nf1 f5 18. Ng3 Kh8 19. exf5 Bd5 20. Nh5 Rag8 21.
Nxg7 Kxg7 22. dxe5 Kf8 23. Rae1 a5 24. Nh4 dxe5 25. c4 Bxc4 26. f6 Bd5 27. Qh7
Be6 1-0

[Event "C.to Provinciale AT"]
[Site "Asti ITA"]
[Date "2007.03.22"]
[Round "1"]
[White "Trangoni, Bruno"]
[Black "Viglino, Antonio"]
[Result "1-0"]
[WhiteElo "1970"]
[BlackElo "1818"]
[PlyCount "73"]
[EventDate "2007.03.22"]

1. Nf3 Nf6 2. d4 d5 3. e3 c6 4. Nbd2 g6 5. Be2 Bg7 6. O-O O-O 7. Ne5 Nbd7 8.
Ndf3 Ne4 9. c3 Qc7 10. Nd3 f5 11. Nf4 Ndf6 12. Ne5 g5 13. Nh3 h6 14. c4 Be6 15.
c5 Nh7 16. Ng6 Rf6 17. Bh5 Bf7 18. Ne5 Bxh5 19. Qxh5 Rff8 20. Ng6 Rf7 21. Qe2
Rf6 22. Ne5 Rff8 23. Nd3 Rae8 24. f3 Nef6 25. Ne5 Nd7 26. f4 Bxe5 27. fxe5 e6
28. Qh5 Kg7 29. Bd2 Nb8 30. Nf2 Qf7 31. Qe2 g4 32. e4 Ng5 33. exf5 exf5 34.
Rae1 Ne4 35. Nxg4 Nxd2 36. Qxd2 Qh5 37. Nf6 1-0

[Event "C.to Provinciale AT"]
[Site "Asti ITA"]
[Date "2007.03.23"]
[Round "2"]
[White "Blundo, Michele"]
[Black "Trangoni, Bruno"]
[Result "0-1"]
[WhiteElo "1742"]
[BlackElo "1970"]
[PlyCount "50"]
[EventDate "2007.03.22"]

1. d4 g6 2. Nf3 Bg7 3. c4 d6 4. e3 Nd7 5. Nc3 e5 6. Be2 Ne7 7. O-O O-O 8. Re1
f5 9. dxe5 dxe5 10. e4 c6 11. exf5 gxf5 12. Bg5 h6 13. Bh4 Qe8 14. Bxe7 Qxe7
15. Qc2 e4 16. Bf1 Qf6 17. Nd2 Ne5 18. Rad1 Be6 19. Ndxe4 fxe4 20. Nxe4 Qg6 21.
Kh1 Rad8 22. Bd3 Bg4 23. f3 Rxf3 24. Nc5 Nxd3 25. Nxd3 Rfxd3 0-1

[Event "C.to Provinciale AT"]
[Site "Asti ITA"]
[Date "2007.03.23"]
[Round "2"]
[White "Davi, Alessandro"]
[Black "Porzio, Massimo"]
[Result "1-0"]
[WhiteElo "1677"]
[BlackElo "1888"]
[PlyCount "99"]
[EventDate "2007.03.22"]

1. d4 d5 2. c4 e6 3. Nc3 c6 4. e3 Nf6 5. Nf3 Be7 6. Be2 O-O 7. O-O Nbd7 8. Qc2
Re8 9. Rd1 Bf8 10. e4 dxe4 11. Nxe4 Nxe4 12. Qxe4 Nf6 13. Qc2 h6 14. b3 Qa5 15.
Bb2 Ba3 16. Rab1 Bxb2 17. Rxb2 Rd8 18. b4 Qc7 19. h3 Bd7 20. a4 a6 21. Ne5 Be8
22. c5 Nd5 23. Bf3 Ne7 24. Nc4 Nf5 25. Qc3 Qf4 26. Rbd2 Nh4 27. Rd3 Nf5 28. Bg4
Ne7 29. Bf3 Nf5 30. Nb6 Rab8 31. Bg4 Ne7 32. Rf3 Qc7 33. a5 f5 34. Qe3 Bf7 35.
Bh5 Bxh5 36. Qxe6+ Kh8 37. g4 fxg4 38. hxg4 Bg6 39. g5 Rg8 40. d5 cxd5 41. Nxd5
Nxd5 42. Rxd5 Bh5 43. Rh3 Rbe8 44. Qd6 Qxd6 45. Rxd6 Bg4 46. Rg3 h5 47. f3 Bf5
48. g6 Re6 49. Rg5 Rxd6 50. Rxh5# 1-0

[Event "C.to Provinciale AT"]
[Site "Asti ITA"]
[Date "2007.03.23"]
[Round "2"]
[White "Finocchiaro, Gianluca"]
[Black "Martin, Tiziano"]
[Result "1-0"]
[WhiteElo "1919"]
[BlackElo "2014"]
[PlyCount "117"]
[EventDate "2007.03.22"]

1. d4 Nf6 2. Nf3 d5 3. c4 e6 4. Nc3 Nbd7 5. cxd5 exd5 6. Bg5 c6 7. e3 Be7 8.
Bd3 Nh5 9. Bxe7 Qxe7 10. O-O O-O 11. Qc2 g6 12. Rab1 f5 13. b4 a6 14. a4 Nhf6
15. Rfc1 Ne4 16. b5 axb5 17. axb5 g5 18. bxc6 bxc6 19. Nd1 Ra3 20. Be2 g4 21.
Nd2 Ba6 22. Nxe4 fxe4 23. Bxa6 Rxa6 24. Qe2 Rfa8 25. Qxg4+ Kh8 26. Rb7 Ra1 27.
Rxd7 Qxd7 28. Qxd7 Rxc1 29. Qg4 Raa1 30. Qc8+ Kg7 31. Qd7+ Kg8 32. Qe8+ Kg7 33.
Qe7+ Kg8 34. h3 Rxd1+ 35. Kh2 Rac1 36. h4 Rd2 37. Qe8+ Kg7 38. Qe5+ Kg8 39. h5
Rcc2 40. h6 Kf7 41. Qf5+ Ke8 42. Qxh7 Rxf2 43. Qg8+ Rf8 44. Qe6+ Kd8 45. h7
Rcf2 46. Qd6+ Ke8 47. h8=Q Rxh8+ 48. Kg1 Rhf8 49. Qxc6+ Ke7 50. Qc7+ Ke6 51.
Qe5+ Kd7 52. Qxd5+ Kc7 53. Qc5+ Kd8 54. Qb5 Kc7 55. d5 Rf1+ 56. Qxf1 Rxf1+ 57.
Kxf1 Kd6 58. Kf2 Kxd5 59. Kg3 1-0

[Event "C.to Provinciale AT"]
[Site "Asti ITA"]
[Date "2007.03.23"]
[Round "2"]
[White "Forno, Roberto"]
[Black "Pulito, Alberto"]
[Result "0-1"]
[WhiteElo "1955"]
[BlackElo "2239"]
[PlyCount "74"]
[EventDate "2007.03.22"]

1. e4 e6 2. d4 d5 3. exd5 exd5 4. Nc3 Nf6 5. Bd3 Bd6 6. Bg5 c6 7. Nge2 O-O 8.
Qd2 a5 9. O-O-O b5 10. Ng3 a4 11. Rde1 b4 12. Nce2 b3 13. a3 bxc2 14. Bxc2 Be6
15. Nf4 Re8 16. Nfh5 Be7 17. f4 Nxh5 18. Nxh5 g6 19. Bxe7 Qxe7 20. f5 gxh5 21.
fxe6 fxe6 22. Re5 Qf6 23. Rxh5 Ra7 24. Qd1 Rf8 25. Rh3 Rg7 26. Kb1 Nd7 27. Bxa4
e5 28. Rf3 Qg6+ 29. Rd3 Rf2 30. Bc2 Qxg2 31. Rc3 exd4 32. Rxc6 d3 33. Rc8+ Nf8
34. Bb3 Rxb2+ 35. Ka1 Rxb3 36. Qxb3 Qxh1+ 37. Ka2 Rg2+ 0-1

[Event "C.to Provinciale AT"]
[Site "Asti ITA"]
[Date "2007.03.23"]
[Round "2"]
[White "Fossati, Remigio"]
[Black "Sattanino, Andrea"]
[Result "1-0"]
[WhiteElo "2181"]
[BlackElo "1891"]
[PlyCount "43"]
[EventDate "2007.03.22"]

1. d4 d5 2. c4 e6 3. Nc3 Nf6 4. cxd5 exd5 5. Bg5 Nbd7 6. e3 Be7 7. Bd3 O-O 8.
Qc2 c6 9. Nge2 Re8 10. O-O Nf8 11. f3 Nh5 12. Bxe7 Qxe7 13. e4 dxe4 14. fxe4
Be6 15. e5 Rad8 16. Ne4 Bd5 17. Nd6 Qg5 18. Rf2 Re7 19. Raf1 g6 20. Bc4 Rdd7
21. Bxd5 cxd5 22. Nc3 1-0

[Event "C.to Provinciale AT"]
[Site "Asti ITA"]
[Date "2007.03.23"]
[Round "2"]
[White "Idili, Leonardo"]
[Black "Grattarola, Fabio"]
[Result "0-1"]
[WhiteElo "1758"]
[BlackElo "2133"]
[PlyCount "58"]
[EventDate "2007.03.22"]

1. d4 Nf6 2. c4 g6 3. Nc3 Bg7 4. e4 d6 5. f3 O-O 6. Be3 Nc6 7. Nge2 e5 8. d5
Ne7 9. Qd2 Ne8 10. h4 f5 11. g3 Nf6 12. Bh6 fxe4 13. Bxg7 Kxg7 14. fxe4 Bg4 15.
Bg2 Qd7 16. O-O-O Nh5 17. b3 Rf2 18. Rhg1 Nxg3 19. Nxg3 Rxd2 20. Rxd2 h5 21.
Nd1 Rf8 22. Ne3 Kh6 23. Bh1 Rf4 24. Nxg4+ Rxg4 25. Bf3 Rxh4 26. Rdg2 Qe8 27.
Kb2 Qf7 28. Be2 Rf4 29. Nxh5 gxh5 0-1

[Event "C.to Provinciale AT"]
[Site "Asti ITA"]
[Date "2007.03.23"]
[Round "2"]
[White "Marson, Antonio"]
[Black "Cova, Alessandro"]
[Result "1/2-1/2"]
[WhiteElo "1852"]
[BlackElo "1923"]
[PlyCount "23"]
[EventDate "2007.03.22"]

1. d4 Nf6 2. Bf4 d5 3. e3 c6 4. c3 Bf5 5. Bd3 Ne4 6. Nf3 Nd7 7. Bc2 g6 8. h3 h5
9. Nbd2 Bg7 10. Nxe4 dxe4 11. Nd2 Nf6 12. Be5 1/2-1/2

[Event "C.to Provinciale AT"]
[Site "Asti ITA"]
[Date "2007.03.23"]
[Round "2"]
[White "Nardelli, Marco"]
[Black "Torrione, William"]
[Result "1-0"]
[WhiteElo "2139"]
[BlackElo "1922"]
[PlyCount "71"]
[EventDate "2007.03.22"]

1. e4 e5 2. Nf3 Nc6 3. Bb5 Nf6 4. O-O d6 5. c3 Be7 6. Re1 O-O 7. h3 a6 8. Ba4
Nd7 9. d4 Bf6 10. d5 Ne7 11. c4 Ng6 12. Nc3 Nf4 13. Bc2 Re8 14. Kh2 Nf8 15. Ng1
Bg5 16. g3 N4g6 17. b4 Bxc1 18. Rxc1 b6 19. Qf3 Nd7 20. Ba4 Rf8 21. Qe3 Qe7 22.
Nb1 a5 23. Bc6 Ra7 24. a3 axb4 25. axb4 Bb7 26. c5 bxc5 27. Bxd7 Qxd7 28. bxc5
Qa4 29. c6 Bc8 30. Nc3 Qa5 31. Rb1 Ra8 32. Re2 Ra6 33. Ra2 Qc5 34. Qxc5 dxc5
35. Rab2 f5 36. Nb5 1-0

[Event "C.to Provinciale AT"]
[Site "Asti ITA"]
[Date "2007.03.23"]
[Round "2"]
[White "Pomaro, Stefano"]
[Black "Fogliati, Alessandro"]
[Result "1/2-1/2"]
[WhiteElo "1901"]
[BlackElo "1808"]
[PlyCount "73"]
[EventDate "2007.03.22"]

1. e4 c5 2. b4 cxb4 3. a3 d5 4. exd5 Qxd5 5. Nf3 e5 6. axb4 Bxb4 7. c3 Be7 8.
Na3 Bd7 9. Bc4 Qe4+ 10. Be2 Nf6 11. O-O O-O 12. Re1 Ba4 13. Bd3 Bxd1 14. Bxe4
Nxe4 15. Rxd1 f6 16. Nb5 Nc6 17. d3 Nd6 18. Nc7 Rac8 19. Nd5 Rfd8 20. c4 Kf7
21. Be3 b6 22. c5 bxc5 23. Bxc5 Ke6 24. Nxe7 Kxe7 25. Bxa7 Nxa7 26. Rxa7+ Rd7
27. Rxd7+ Kxd7 28. d4 exd4 29. Nxd4 Ke7 30. f3 Kf7 31. Kf2 Re8 32. Nc6 Nf5 33.
g4 Ne7 34. Rd7 Ke6 35. Rxe7+ Rxe7 36. Nxe7 Kxe7 37. Ke3 1/2-1/2

[Event "C.to Provinciale AT"]
[Site "Asti ITA"]
[Date "2007.03.23"]
[Round "2"]
[White "Ronzano, Luca"]
[Black "Castellano, Alfonso"]
[Result "1/2-1/2"]
[WhiteElo "1996"]
[BlackElo "1949"]
[PlyCount "36"]
[EventDate "2007.03.22"]

1. d4 Nf6 2. Nc3 g6 3. e4 d6 4. f4 Bg7 5. Nf3 O-O 6. e5 dxe5 7. fxe5 Nd5 8. Bc4
Be6 9. Qe2 Nxc3 10. bxc3 Bd5 11. O-O Nc6 12. Ba3 Re8 13. Ng5 Rf8 14. Nxf7 Rxf7
15. Rxf7 Kxf7 16. Qf3+ Ke6 17. Qg4+ Kf7 18. Qf3+ Ke6 1/2-1/2

[Event "C.to Provinciale AT"]
[Site "Asti ITA"]
[Date "2007.03.23"]
[Round "2"]
[White "Viglino, Antonio"]
[Black "Crepaldi, Marco"]
[Result "1/2-1/2"]
[WhiteElo "1818"]
[BlackElo "1898"]
[PlyCount "163"]
[EventDate "2007.03.22"]

1. Nf3 Nf6 2. c4 b6 3. g3 Bb7 4. Bg2 e6 5. Nc3 Be7 6. O-O O-O 7. Re1 d6 8. e4
Nbd7 9. d4 Rc8 10. b3 a6 11. Qd3 c5 12. d5 exd5 13. cxd5 Ng4 14. Bb2 Bf6 15.
Rad1 Nde5 16. Nxe5 Nxe5 17. Qe2 c4 18. bxc4 Nxc4 19. Ba1 Re8 20. Qf3 b5 21. Ne2
Bxa1 22. Rxa1 Ne5 23. Qb3 Qb6 24. Nf4 b4 25. a3 Rc4 26. Bf1 Ng4 27. Qb2 Rcxe4
28. Rxe4 Rxe4 29. Nh5 f6 30. Bg2 Qd4 31. Qxd4 Rxd4 32. h3 Ne5 33. axb4 Rxb4 34.
Nf4 Nd7 35. Bf1 Nc5 36. Ne6 Bxd5 37. Nxc5 dxc5 38. Bxa6 c4 39. Rd1 Be6 40. Rc1
Kf7 41. h4 Ke7 42. Kf1 Rb6 43. Ra1 Kd6 44. Ke2 Ke5 45. Ke3 h6 46. Ra5+ Kd6 47.
Kd4 Rb2 48. Bxc4 Bxc4 49. Kxc4 Rxf2 50. Ra7 Rc2+ 51. Kd3 Rc7 52. Ra6+ Ke5 53.
Ra5+ Ke6 54. Ke4 Rc4+ 55. Kf3 f5 56. Ra6+ Kf7 57. Rb6 Re4 58. Ra6 Re6 59. Ra7+
Kf6 60. Ra4 g5 61. hxg5+ hxg5 62. g4 f4 63. Ra3 Rd6 64. Rb3 Ke5 65. Ra3 Rd5 66.
Rb3 Rc5 67. Ra3 Kd4 68. Ra4+ Rc4 69. Ra5 Rc3+ 70. Kf2 Rc5 71. Ra4+ Ke5 72. Kf3
Rd5 73. Ra3 Rd6 74. Ra5+ Kf6 75. Ra3 Re6 76. Rb3 Re3+ 77. Rxe3 fxe3 78. Kxe3
Ke5 79. Kf3 Kd4 80. Kf2 Ke4 81. Ke2 Kf4 82. Kf2 1/2-1/2

[Event "C.to Provinciale AT"]
[Site "Asti ITA"]
[Date "2007.03.24"]
[Round "3"]
[White "Castellano, Alfonso"]
[Black "Davi, Alessandro"]
[Result "1/2-1/2"]
[WhiteElo "1949"]
[BlackElo "1677"]
[PlyCount "95"]
[EventDate "2007.03.22"]

1. c4 Nf6 2. Nc3 g6 3. g3 d5 4. cxd5 Nxd5 5. Bg2 Nxc3 6. bxc3 Bg7 7. Rb1 c6 8.
Nf3 O-O 9. O-O b6 10. d4 Bf5 11. Rb2 Be4 12. Bh3 Bxf3 13. exf3 Qc7 14. Re1 Rd8
15. Bg5 f6 16. Be6+ Kh8 17. Bf4 Qb7 18. Qe2 Bf8 19. Bc4 Re8 20. Qe6 Bg7 21. Qf7
Qd7 22. Be6 Rf8 23. Qxf8+ Bxf8 24. Bxd7 Nxd7 25. Re6 Rc8 26. h4 Kg7 27. c4 Kf7
28. Ree2 e6 29. g4 Bg7 30. Red2 Rd8 31. d5 cxd5 32. cxd5 e5 33. Be3 Bf8 34.
Rdc2 Nc5 35. Rd2 Bd6 36. Rb4 f5 37. Re2 Re8 38. Bd2 Rc8 39. Rb1 Re8 40. Re3 Re7
41. Bc3 Re8 42. Rbe1 Nd7 43. Rc1 Nc5 44. Bb4 Re7 45. a4 f4 46. Rec3 Rd7 47. Ra1
a5 48. Bxc5 1/2-1/2

[Event "C.to Provinciale AT"]
[Site "Asti ITA"]
[Date "2007.03.24"]
[Round "3"]
[White "Cova, Alessandro"]
[Black "Viglino, Antonio"]
[Result "1/2-1/2"]
[WhiteElo "1923"]
[BlackElo "1818"]
[PlyCount "117"]
[EventDate "2007.03.22"]

1. d4 d5 2. Nf3 Nf6 3. Nbd2 g6 4. e3 Bg7 5. Bd3 O-O 6. O-O Nbd7 7. e4 dxe4 8.
Nxe4 Nxe4 9. Bxe4 c5 10. c3 Nf6 11. Bd3 Qc7 12. dxc5 Qxc5 13. Be3 Qc7 14. Bd4
Bg4 15. Re1 Rfe8 16. Be5 Qc6 17. Nd4 Bxd1 18. Nxc6 Ba4 19. Nd4 Nd7 20. Bxg7
Kxg7 21. Bb5 Bxb5 22. Nxb5 Rac8 23. Rad1 Nb6 24. Kf1 a6 25. Na3 Kf6 26. Rd4 Rc6
27. Nc2 e5 28. Rf4+ exf4 29. Rxe8 Re6 30. Rd8 Kg5 31. Nd4 Re7 32. Nf3+ Kf5 33.
b3 g5 34. Rd6 Nd7 35. Rd5+ Ne5 36. Nxe5 Rxe5 37. Rd7 b5 38. Rxf7+ Kg6 39. Rc7
Re6 40. c4 bxc4 41. Rxc4 h5 42. b4 Kf5 43. a4 g4 44. Rc5+ Kg6 45. b5 axb5 46.
axb5 Re4 47. Rc8 Rb4 48. Rc6+ Kf5 49. Rc5+ Kg6 50. Ke2 Rb2+ 51. Kd3 Rxf2 52.
Ke4 Rxg2 53. Kxf4 Rxh2 54. Rc6+ Kg7 55. b6 Rb2 56. Rc7+ Kf6 57. Rb7 Ke6 58. Rb8
Kd7 59. Rh8 1/2-1/2

[Event "C.to Provinciale AT"]
[Site "Asti ITA"]
[Date "2007.03.24"]
[Round "3"]
[White "Crepaldi, Marco"]
[Black "Marson, Antonio"]
[Result "1/2-1/2"]
[WhiteElo "1898"]
[BlackElo "1852"]
[PlyCount "20"]
[EventDate "2007.03.22"]

1. e4 g6 2. d4 Bg7 3. f4 e6 4. Nf3 d6 5. Be3 a6 6. c4 Ne7 7. Nc3 Nd7 8. Bd3 b6
9. O-O h6 10. Qd2 Bb7 1/2-1/2

[Event "C.to Provinciale AT"]
[Site "Asti ITA"]
[Date "2007.03.24"]
[Round "3"]
[White "Fogliati, Alessandro"]
[Black "Ronzano, Luca"]
[Result "1-0"]
[WhiteElo "1808"]
[BlackElo "1996"]
[PlyCount "59"]
[EventDate "2007.03.22"]

1. c4 Nc6 2. g3 e5 3. Bg2 g6 4. Nc3 Bg7 5. e3 Nge7 6. Nge2 O-O 7. O-O d6 8. d3
Be6 9. Nd5 Qd7 10. Rb1 Bxd5 11. cxd5 Nd8 12. b4 f5 13. Qb3 Nf7 14. Bb2 g5 15.
Rfc1 f4 16. gxf4 gxf4 17. exf4 Ng6 18. fxe5 dxe5 19. Qc4 Rac8 20. Ng3 Nd6 21.
Qb3 Nh4 22. Re1 Qf7 23. Re2 Nxg2 24. Kxg2 Qf3+ 25. Kg1 Kh8 26. Rbe1 Nf5 27. Qc4
b5 28. Qe4 Qxe4 29. dxe4 Nh4 30. Rc1 1-0

[Event "C.to Provinciale AT"]
[Site "Asti ITA"]
[Date "2007.03.24"]
[Round "3"]
[White "Grattarola, Fabio"]
[Black "Finocchiaro, Gianluca"]
[Result "1-0"]
[WhiteElo "2133"]
[BlackElo "1919"]
[PlyCount "73"]
[EventDate "2007.03.22"]

1. d4 Nf6 2. Nf3 c5 3. c3 cxd4 4. cxd4 g6 5. Nc3 Bg7 6. Bf4 d6 7. h3 Qb6 8. Qd2
O-O 9. e4 Nc6 10. d5 Ne5 11. Nxe5 dxe5 12. Be3 Qa5 13. Be2 Bd7 14. O-O b5 15.
a3 b4 16. axb4 Qxb4 17. Bxa7 Nxe4 18. Nxe4 Qxe4 19. Bf3 Qc4 20. Rfc1 Qh4 21.
Rc7 Bf5 22. d6 e4 23. dxe7 Rfe8 24. Be2 Rxe7 25. Rac1 Rxa7 26. Qd8+ Bf8 27.
Rxa7 Qf4 28. Rcc7 e3 29. Rxe7 Qxf2+ 30. Kh1 Bxh3 31. Qxf8+ Kxf8 32. Rxf7+ Qxf7
33. Rxf7+ Kxf7 34. gxh3 Ke6 35. Kg2 Kd5 36. b4 Kc6 37. b5+ 1-0

[Event "C.to Provinciale AT"]
[Site "Asti ITA"]
[Date "2007.03.24"]
[Round "3"]
[White "Martin, Tiziano"]
[Black "Fossati, Remigio"]
[Result "0-1"]
[WhiteElo "2014"]
[BlackElo "2181"]
[PlyCount "72"]
[EventDate "2007.03.22"]

1. d4 d5 2. Nf3 e6 3. e3 Nf6 4. Nbd2 c5 5. c3 Nbd7 6. Bd3 b6 7. O-O Bb7 8. Ne5
Nxe5 9. dxe5 Nd7 10. f4 Be7 11. e4 d4 12. c4 Qc7 13. Nf3 O-O-O 14. a3 Rhg8 15.
b4 h6 16. b5 g5 17. a4 gxf4 18. Bxf4 Rg4 19. g3 Rdg8 20. Kf2 h5 21. a5 Bd8 22.
axb6 axb6 23. Ra7 Qb8 24. Qa4 Bc7 25. Ke2 f6 26. h3 R4g7 27. exf6 Nxf6 28. e5
Nd7 29. Nd2 Rxg3 30. Bxg3 Rxg3 31. Rxb7 Qxb7 32. Qc2 Re3+ 33. Kd1 Qa7 34. Be4
Qa1+ 35. Nb1 d3 36. Bxd3 Qd4 0-1

[Event "C.to Provinciale AT"]
[Site "Asti ITA"]
[Date "2007.03.24"]
[Round "3"]
[White "Monticone, Sonia"]
[Black "Blundo, Michele"]
[Result "0-1"]
[WhiteElo "1667"]
[BlackElo "1742"]
[PlyCount "94"]
[EventDate "2007.03.22"]

1. c4 Nf6 2. Nc3 e6 3. d4 d5 4. Nf3 Bb4 5. Bg5 O-O 6. e3 Nbd7 7. cxd5 exd5 8.
Bd3 Re8 9. O-O c6 10. Rc1 h6 11. Bxf6 Nxf6 12. h3 Be6 13. Qb3 Qe7 14. Bb1 Rac8
15. Ne2 Bd6 16. Qd3 g6 17. Ne1 Bb8 18. Qd2 Nh5 19. Nf3 Qf6 20. Ne1 Re7 21. Nc3
Rce8 22. Qd1 Ng7 23. Qf3 Qxf3 24. Nxf3 Bf5 25. a3 Bxb1 26. Rxb1 Nf5 27. g4 Nd6
28. b4 Nc4 29. Ra1 Bd6 30. Rfd1 f6 31. Nd2 Nxe3 32. fxe3 Rxe3 33. Rac1 Rxh3 34.
Nf1 h5 35. Kg2 Rh4 36. gxh5 Rxh5 37. Re1 Rg5+ 38. Kh1 Rd8 39. Re2 Kf7 40. Rg2
Rh8+ 41. Kg1 Rgh5 42. Kf2 Rf5+ 43. Ke1 Re8+ 44. Re2 Rh8 45. Rf2 Rfh5 46. Kd2
Rh3 47. Re1 R8h4 0-1

[Event "C.to Provinciale AT"]
[Site "Asti ITA"]
[Date "2007.03.24"]
[Round "3"]
[White "Pulito, Alberto"]
[Black "Quirico, Paolo"]
[Result "1/2-1/2"]
[WhiteElo "2239"]
[BlackElo "2035"]
[PlyCount "103"]
[EventDate "2007.03.22"]

1. e4 e6 2. d4 d5 3. e5 c5 4. c3 Nc6 5. Nf3 Bd7 6. Be2 Nge7 7. Na3 cxd4 8. cxd4
Nf5 9. O-O Qb6 10. Nc2 a5 11. a4 Rc8 12. Bb5 h6 13. g4 Nfe7 14. Bd2 h5 15. g5
Nf5 16. Bc3 h4 17. Qd2 Ra8 18. Rfb1 Qd8 19. b4 axb4 20. Nxb4 Rh5 21. Kh1 Be7
22. Rg1 Nxb4 23. Bxb4 Bxb5 24. Bxe7 Qxe7 25. axb5 Ra3 26. Qf4 Qb4 27. Rxa3 Qxa3
28. g6 fxg6 29. Rxg6 Qa1+ 30. Rg1 Qb2 31. Qg4 Rh6 32. Qg2 Qxb5 33. h3 Qd3 34.
Qg4 b5 35. Ra1 Qe4 36. Qxe4 dxe4 37. Ng5 Nxd4 38. Nxe4 Rg6 39. Rd1 Nf3 40. Nd6+
Ke7 41. Nxb5 Nxe5 42. Nd4 Rf6 43. Kg2 Rf4 44. Ne2 Rc4 45. Rd2 Kf6 46. Rd6 Ke7
47. Rd2 Kf6 48. Rd6 Nf7 49. Rd7 Ne5 50. Rd6 Ke7 51. Rd2 Kf6 52. Rd6 1/2-1/2

[Event "C.to Provinciale AT"]
[Site "Asti ITA"]
[Date "2007.03.24"]
[Round "3"]
[White "Sattanino, Andrea"]
[Black "Idili, Leonardo"]
[Result "1-0"]
[WhiteElo "1891"]
[BlackElo "1758"]
[PlyCount "99"]
[EventDate "2007.03.22"]

1. d4 Nf6 2. c4 g6 3. Nc3 Bg7 4. e4 d6 5. f3 O-O 6. Be3 Nbd7 7. Qd2 c5 8. d5 a6
9. Bh6 b5 10. Bxg7 Kxg7 11. cxb5 axb5 12. Bxb5 Qb6 13. Nge2 Ra5 14. a4 Nb8 15.
g4 Na6 16. Ng3 Nc7 17. h4 Nxb5 18. Nxb5 h6 19. g5 Ng8 20. gxh6+ Kh7 21. h5 Bd7
22. Nc3 Rfa8 23. Qf4 Nf6 24. hxg6+ fxg6 25. Rb1 Bxa4 26. e5 dxe5 27. Qxe5 Qd6
28. Qxd6 exd6 29. Nce4 Nxe4 30. Nxe4 R5a6 31. Nf6+ Kh8 32. Rg1 Bc2 33. Rc1 Bf5
34. Kd2 Rf8 35. Ng4 Kh7 36. Rce1 Ra7 37. Re2 Bxg4 38. fxg4 Kxh6 39. g5+ Kg7 40.
Re6 Rd7 41. Kc3 Rf5 42. Kc4 Rf2 43. Rge1 Rf5 44. Re7+ Rxe7 45. Rxe7+ Rf7 46.
Rxf7+ Kxf7 47. Kb5 Ke8 48. Kc6 Ke7 49. b3 c4 50. bxc4 1-0

[Event "C.to Provinciale AT"]
[Site "Asti ITA"]
[Date "2007.03.24"]
[Round "3"]
[White "Torrione, William"]
[Black "Forno, Roberto"]
[Result "0-1"]
[WhiteElo "1922"]
[BlackElo "1955"]
[PlyCount "64"]
[EventDate "2007.03.22"]

1. d4 d5 2. c4 e6 3. Nc3 Nf6 4. Bg5 Bb4 5. Nf3 c6 6. cxd5 exd5 7. Qc2 O-O 8. e3
Re8 9. Bd3 h6 10. Bh4 Nbd7 11. a3 Bd6 12. Bg3 Bxg3 13. hxg3 c5 14. dxc5 Nxc5
15. Bb5 Bd7 16. Bxd7 Qxd7 17. Nd4 Rac8 18. Qe2 Nfe4 19. Nxe4 dxe4 20. O-O Nd3
21. g4 Rc5 22. f4 Rec8 23. b4 Rc3 24. Rfd1 R8c4 25. Rd2 Nxf4 26. exf4 Rxd4 27.
Raa2 e3 28. Rxd4 Qxd4 29. g3 Rc1+ 30. Kh2 Rd1 31. Kh3 Qd5 32. g5 Rh1+ 0-1

[Event "C.to Provinciale AT"]
[Site "Asti ITA"]
[Date "2007.03.24"]
[Round "3"]
[White "Torrisi, Andrea"]
[Black "Pomaro, Stefano"]
[Result "0-1"]
[WhiteElo "1843"]
[BlackElo "1901"]
[PlyCount "104"]
[EventDate "2007.03.22"]

1. e4 c6 2. d4 d5 3. exd5 cxd5 4. c4 Nf6 5. Nc3 Nc6 6. Nf3 Bg4 7. cxd5 Nxd5 8.
Be2 e6 9. O-O Be7 10. Re1 O-O 11. a3 Rc8 12. Be3 Nxe3 13. fxe3 Bf6 14. Qd2 g6
15. h3 Bxf3 16. Bxf3 Qe7 17. Rac1 Rfd8 18. Ne2 Ne5 19. Rxc8 Nxf3+ 20. gxf3 Rxc8
21. Rc1 Rxc1+ 22. Qxc1 Bh4 23. e4 Qd8 24. Qd2 e5 25. Qc3 exd4 26. Qxd4 Qxd4+
27. Nxd4 Bf6 28. Nb5 Bxb2 29. a4 Kf8 30. Kf1 a6 31. Nd6 b6 32. Ke2 Ba3 33. Nc4
Bc5 34. Kd3 Ke7 35. Ne5 b5 36. Nc6+ Kd6 37. axb5 axb5 38. Nd8 Ke7 39. Nc6+ Kd6
40. Nd8 f6 41. f4 Kd7 42. Nf7 Ke7 43. Nh6 Bd6 44. f5 Bf4 45. Ng4 h5 46. Nf2 g5
47. Nd1 Kd6 48. Nc3 Kc5 49. Nd5 Be5 50. Ne3 b4 51. Nc2 b3 52. Ne1 b2 0-1

[Event "C.to Provinciale AT"]
[Site "Asti ITA"]
[Date "2007.03.24"]
[Round "3"]
[White "Trangoni, Bruno"]
[Black "Nardelli, Marco"]
[Result "1/2-1/2"]
[WhiteElo "1970"]
[BlackElo "2139"]
[PlyCount "62"]
[EventDate "2007.03.22"]

1. Nf3 Nf6 2. d4 e6 3. Nbd2 c5 4. e3 b6 5. Bd3 Bb7 6. O-O Qc7 7. c3 d6 8. a3
Nbd7 9. b4 cxd4 10. cxd4 Qc3 11. Qb3 Qxa1 12. Bb2 Qxf1+ 13. Kxf1 Be7 14. Ng5 h6
15. Nh3 d5 16. Nf4 O-O 17. Bb1 Rac8 18. Qd3 Ne4 19. Nf3 a5 20. b5 Bd6 21. Ne5
Bxe5 22. dxe5 Ndc5 23. Qd1 Nb3 24. Bxe4 dxe4 25. Qxb3 Rfd8 26. Bd4 Rc1+ 27. Ke2
Rdc8 28. Kd2 Rf1 29. Ke2 Rfc1 30. Kd2 Rf1 31. Ke2 Rfc1 1/2-1/2

[Event "C.to Provinciale AT"]
[Site "Asti ITA"]
[Date "2007.03.24"]
[Round "4"]
[White "Cova, Alessandro"]
[Black "Torrisi, Andrea"]
[Result "1-0"]
[WhiteElo "1923"]
[BlackElo "1843"]
[PlyCount "77"]
[EventDate "2007.03.22"]

1. e4 c5 2. c3 d5 3. exd5 Qxd5 4. d4 Nf6 5. Nf3 Bg4 6. Be2 Nc6 7. O-O cxd4 8.
cxd4 e6 9. Nc3 Qd8 10. Be3 Be7 11. h3 Bh5 12. Qb3 Qd7 13. g4 Bg6 14. Ne5 Qc8
15. Rac1 O-O 16. Bf3 Nd7 17. Nxc6 bxc6 18. Na4 Rb8 19. Qc3 Nb6 20. Nxb6 Rxb6
21. d5 Bf6 22. Qc4 exd5 23. Bxd5 Rxb2 24. Qxc6 Qxc6 25. Rxc6 a6 26. Rfc1 a5 27.
f4 Bd3 28. Rc7 Rb5 29. R1c5 Rb1+ 30. Kg2 Bh4 31. Bc1 Rb4 32. Kf3 Bd8 33. Rb7
Rxb7 34. Bxb7 Re8 35. Rc8 Kf8 36. Bc6 Be2+ 37. Kg2 Ba6 38. Ra8 Re2+ 39. Kf3 1-0